Plastics : (Record no. 9040)

MARC details
000 -LEADER
fixed length control field 00484cam a2200181ua 4500
001 - CONTROL NUMBER
control field 10049
005 - DATE AND TIME OF LATEST TRANSACTION
control field 20260515114546.0
008 - FIXED-LENGTH DATA ELEMENTS--GENERAL INFORMATION
fixed length control field 170323n ii |||gr||||Z||||||eng
020 ## - INTERNATIONAL STANDARD BOOK NUMBER
International Standard Book Number 9788123746296
040 ## - CATALOGING SOURCE
Transcribing agency MAIN
041 ## - LANGUAGE CODE
Language code of text/sound track or separate title eng
082 ## - DEWEY DECIMAL CLASSIFICATION NUMBER
Classification number 668.4
245 ## - TITLE STATEMENT
Title Plastics :
Remainder of title a threat to mankind /
Statement of responsibility, etc. By Chintan environmental research and action group .
260 ## - PUBLICATION, DISTRIBUTION, ETC.
Place of publication, distribution, etc. New Delhi:
Name of publisher, distributor, etc. NBT,
Date of publication, distribution, etc. 2010.
300 ## - PHYSICAL DESCRIPTION
Extent 85p.
653 ## - INDEX TERM--UNCONTROLLED
Uncontrolled term Technology of other organic products
942 ## - ADDED ENTRY ELEMENTS (KOHA)
Koha item type Books
Holdings
Withdrawn status Lost status Damaged status Not for loan Home library Current library Shelving location Date acquired Total checkouts Full call number Barcode Date last seen Copy number Price effective from Koha item type
        Naharkatiya College Library Naharkatiya College Library General stacks 09/19/2020   668.4 | PLA 21684 09/19/2020 1 09/19/2020 Books